Statistics for Geographic Groups of Two #1

Click here to take the quiz!

General Stats

  • This quiz has been taken 83,275 times
    (83,254 since last reset)
  • The average score is 29 of 40

Answer Stats

Clue Answer % Correct
Countries that border the U.S.Mexico
99%
Countries that border the U.S.Canada
99%
Countries inside of ItalyVatican City
96%
Countries that start with "Z"Zimbabwe
91%
World's two highest mountainsEverest
91%
Korean capital citiesSeoul
87%
Asian countries that start with "L"Laos
87%
EU countries that start with "G"Germany
86%
Countries that start with "Z"Zambia
86%
Landlocked South American countriesParaguay
84%
Countries inside of ItalySan Marino
83%
Seas that border EgyptRed
83%
Non-contiguous U.S. statesHawaii
81%
Mediterranean island nationsCyprus
81%
Landlocked South American
countries
Bolivia
81%
Non-contiguous U.S. statesAlaska
81%
Seas that border EgyptMediterranean
81%
Biggest Italian islandsSicily
80%
Mediterranean island nationsMalta
79%
EU countries that start with "G"Greece
77%
Longest rivers in the UKThames
76%
Official languages of IsraelHebrew
76%
Countries that share HispaniolaHaiti
71%
Countries that share New GuineaPapua New Guinea
71%
Official languages of IsraelArabic
70%
Countries that share HispaniolaDominican Republic
69%
African countries that border only one other countryLesotho
69%
Countries that share New GuineaIndonesia
69%
Countries that start with "A", but
don't end with "A"
Azerbaijan
67%
Korean capital citiesPyongyang
67%
World's two highest mountainsK2
63%
Major Mesopotamian riversTigris
57%
Countries that start with "A", but don't end with "A"Afghanistan
57%
Major Mesopotamian riversEuphrates
55%
Asian countries that start with "L"Lebanon
54%
Biggest Italian islandsSardinia
53%
Biggest Mexican peninsulasYucat√°n
51%
Biggest Mexican peninsulasBaja California
45%
African countries that border only
one other country
Gambia
44%
Longest rivers in the UKSevern
22%

Score Distribution

Percentile by Number Answered

Percent of People with Each Score

Your Score History

You have not taken this quiz since the last reset